000
00215nam a22000977a 4500
082
_a
005.7565 USI'D
245
_a
USING DBASE III PLUS, VERSION 1.10
260
_a
USA
_b
PAK EME
_c
1989
300
_a
X-34P
942
_c
BK
999
_c
574427
_d
574427